| 000 | 00835nam a22002057a 4500 | ||
|---|---|---|---|
| 003 | BUBTL | ||
| 008 | 230406b ||||| |||| 00| 0 eng d | ||
| 020 | _a9844100429 | ||
| 082 | _a891.4401/ Is41a/ 1972 | ||
| 100 |
_92264 _aইসলাম, কাজী নজরুল |
||
| 245 |
_aঅগ্নিবীণা / _cকাজী নজরুল ইসলাম |
||
| 250 | _a1st Edn | ||
| 260 |
_aঢাকা: _bমাওলা ব্রাদার্স, _cc1972 |
||
| 300 |
_a64 p.: _c21.5 cm |
||
| 505 | _aঅগ্নিবীণা, কাজী নজরুল ইসলাম, বাংলা সাহিত্য, বাংলা, বাংলা কবিতা | ||
| 650 | 0 |
_91687 _aবাংলা সাহিত্য |
|
| 856 |
_k0 _l0 _yDownload |
||
| 942 |
_2ddc _cBK |
||
| 999 |
_c7023 _d7023 |
||